| 000 | 00969nam a22002297a 4500 | ||
|---|---|---|---|
| 999 |
_c9012 _d9012 |
||
| 003 | AR-CdUCM | ||
| 008 | 190327b ||||| |||| 00| 0 spa d | ||
| 040 |
_aMUNICIPALIDAD PROVINCIAL DEL CUSCO _cBIBLIOTECA MUNICIPAL DEL CUSCO |
||
| 082 |
_a610.7 / _bN73 |
||
| 100 |
_aNizama Ruíz, Estrelia. _924951 |
||
| 245 |
_aCómo mejorar la educación para la salud : _bDiagnóstico situacional y propuestas / |
||
| 260 |
_aLima : _bConsorcio de Investigación Económica y Social, Observatorio del Derecho a la Salud _bCARE Perú, Programa Derechos en Salud _c2007 |
||
| 300 |
_a104 paginas ; _c22 cm. |
||
| 505 | _aContenido :Antecedentes --Marco conceptual --Aspectos metodológicos --Resultados --Conclusiones --Medidas sugeridas / | ||
| 650 |
_aEducación sanitaria _924952 |
||
| 650 |
_aInvestigación _91940 |
||
| 650 |
_aPromoción de la salud _924953 |
||
| 650 |
_aPerú _935 |
||
| 700 |
_aAlejandro Samaniego Salcedo _924954 |
||
| 942 |
_2ddc _cLIBROS |
||
| 945 | _arjall | ||